| 000 | 00782cab a2200229 4500 | ||
|---|---|---|---|
| 001 | WB3429-10 | ||
| 008 | 090401t1998 xxu||||| |||| 00| 0 eng d | ||
| 035 | _a(Sirsi) u87707 | ||
| 041 | _aeng | ||
| 245 | _aIrish commercial values | ||
| 260 | _c1998 | ||
| 350 | _a0 | ||
| 490 |
_aIrish Times _v29 July 1998, 26(1) |
||
| 520 | _aThe Jones Lang Wootton index for Ireland shows commercial property values continue to rise sharply, with the overall return for the first six months of this year being 17.6 per cent. Graph of overall returns. | ||
| 650 | _aPROPERTY-COMMERCIAL PROPERTY | ||
| 650 | _aIRELAND | ||
| 650 | _aPROPERTY VALUES | ||
| 650 | _aRENTAL GROWTH | ||
| 690 | _aPROPERTY-COMMERCIAL PROPERTY-COMMERCIAL PROPERTY MARKET | ||
| 942 | _n0 | ||
| 948 | _c29/07/1998 | ||
| 999 |
_c55339 _d55339 |
||